000
00329nam a22001337a 4500
008
181226b xxu||||| |||| 00| 0 eng d
020
_a
9780205125227
041
_a
eng
080
_a
159.9
100
_a
48
101
_a
PSY
245
_a
Clinical Intepretation Objective Psychological Tests
_c
Golden.CH.j
942
_2
udc
_c
BK
999
_c
53799
_d
53799